Quizzes
Events
Quiz Creation
Community
Videos
Private Events
Remove Ads
Sign In
Join for FREE
Feedback
Dark Mode
Quiz Categories
Sports
Geography
Music
Movies
Television
Just For Fun
Miscellaneous
History
Literature
Language
Science
Gaming
Entertainment
Religion
Holiday
For Kids
Quiz Lab
Recent
Popular Today
Quiz Kudos Today
Editor Picks
Curator Picks
Quizzes by...
Day
Popularity
Type
Ratings
Length
Year
Community
Subscriptions
Recent Discussions
Orange Saloon
Badges
Playlists
Quests
Create
Leaderboards
Showdown
Live 5
Trivia Bingo
Activity
Puzzle Library
Sporcle Events
Private Events
Virtual Trivia
Globe League
Become a Host
Pub Owners
SporcleCon
Opinionation
Our Games
Videos
Blog
Mobile Apps
Partnerships
Remove Ads and Go Orange
Feedback
Music
Pop Music
The Beatles
Song
Album
Lyrics
Bands
Singers
Artist
Clip
Rock
Rap
Classical
Billboard
Country Music
Kpop
Taylor Swift
Music
Pop Music
The Beatles
Song
Album
Lyrics
Bands
Singers
Artist
Clip
Rock
Rap
Classical
Billboard
Country Music
Kpop
Taylor Swift
Random Quiz
Search Sporcle
×
Curator Pick
Curator Pick
Music
Rock
Type in answers that appear in a list
Type in answers that appear in a list
Classic
Best Score? Go Orange.
My Chemical Romance Songs Stats
Can you name the My Chemical Romance songs??
By
disarm
12m
66 Questions
35.7K Plays
35,673 Plays
35,673 Plays
Comments
Comments
Give Quiz Kudos
Give Quiz Kudos
-
- Ratings
hide this ad
Replay
Link that replays current quiz
Next Quiz
Link to next quiz in quiz playlist
You Got
0%
They Got
Avg Score
60%
Avg Friend Score
Upgrade to see
Score Distribution
Jump to the score distribution portion of the page
Score
0/66
Timer
12:00
2
Plays Today
Album
Songs
% Correct
The Black Parade
Welcome to the Black Parade
92.3%
Three Cheers For Sweet Revenge
Helena
91.3%
Danger Days: The True Lives of the Fabulous Killjoys
Na Na Na (Na Na Na Na Na Na Na Na Na)
88.9%
The Black Parade
Dead!
86%
Three Cheers For Sweet Revenge
I'm Not Okay (I Promise)
84.9%
The Black Parade
Cancer
83.5%
The Black Parade
The End.
82.9%
The Black Parade
Mama
82.5%
The Black Parade
Teenagers
81.6%
The Black Parade
Famous Last Words
81.6%
The Black Parade
Blood
81.3%
Three Cheers For Sweet Revenge
The Ghost of You
78.5%
The Black Parade
I Don't Love You
78.5%
Danger Days: The True Lives of the Fabulous Killjoys
Sing
78.2%
The Black Parade
House of Wolves
77.9%
The Black Parade
The Sharpest Lives
76.5%
The Black Parade
Disenchanted
75%
The Black Parade
Sleep
73.9%
I Brought You My Bullets, You Brought Me Your Love
Vampires Will Never Hurt You
73.3%
Three Cheers For Sweet Revenge
You Know What They Do to Guys Like Us in Prison
70.9%
Three Cheers For Sweet Revenge
Thank You For the Venom
69.1%
Three Cheers For Sweet Revenge
To the End
69%
The Black Parade
This Is How I Disappear
68.4%
Three Cheers For Sweet Revenge
Cemetery Drive
68.2%
Three Cheers For Sweet Revenge
Give 'Em Hell Kid
67.8%
Danger Days: The True Lives of the Fabulous Killjoys
Vampire Money
67.2%
Danger Days: The True Lives of the Fabulous Killjoys
Bulletproof Heart
67.1%
I Brought You My Bullets, You Brought Me Your Love
Demolition Lovers
65.8%
I Brought You My Bullets, You Brought Me Your Love
Honey, This Mirror Isn't Big Enough for the Two of Us
64.8%
Danger Days: The True Lives of the Fabulous Killjoys
SCARECROW
64.6%
I Brought You My Bullets, You Brought Me Your Love
Romance
64.4%
Danger Days: The True Lives of the Fabulous Killjoys
Party Poison
64.4%
Three Cheers For Sweet Revenge
I Never Told You What I Do for a Living
63.4%
Album
Songs
% Correct
Three Cheers For Sweet Revenge
Hang 'Em High
63.3%
I Brought You My Bullets, You Brought Me Your Love
Skylines and Turnstiles
63.2%
Danger Days: The True Lives of the Fabulous Killjoys
Destroya
62.9%
Three Cheers For Sweet Revenge
Interlude
62.3%
Danger Days: The True Lives of the Fabulous Killjoys
Look Alive, Sunshine
61.9%
I Brought You My Bullets, You Brought Me Your Love
Cubicles
61.7%
Danger Days: The True Lives of the Fabulous Killjoys
Summertime
61.2%
I Brought You My Bullets, You Brought Me Your Love
Our Lady of Sorrows
60.4%
Three Cheers For Sweet Revenge
The Jetset Life Is Gonna Kill You
59.7%
Three Cheers For Sweet Revenge
It's Not a Fashion Statement, It's a Deathwish
59.6%
Danger Days: The True Lives of the Fabulous Killjoys
Planetary (Go!)
59.3%
I Brought You My Bullets, You Brought Me Your Love
Headfirst for Halos
58.9%
Danger Days: The True Lives of the Fabulous Killjoys
The Kids From Yesterday
57.4%
I Brought You My Bullets, You Brought Me Your Love
Early Sunsets Over Monroeville
56.8%
I Brought You My Bullets, You Brought Me Your Love
Drowning Lessons
56.5%
Danger Days: The True Lives of the Fabulous Killjoys
The Only Hope For Me Is You
55.7%
Danger Days: The True Lives of the Fabulous Killjoys
Save Yourself, I'll Hold Them Back
52.1%
I Brought You My Bullets, You Brought Me Your Love
This Is the Best Day Ever
49.2%
Other
Kill All Your Friends
46%
Danger Days: The True Lives of the Fabulous Killjoys
Goodnite, Dr. Death
42.9%
Other
Desolation Row
40.8%
Other
Desert Song
37.7%
Danger Days: The True Lives of the Fabulous Killjoys
Jet-Star and the Kobra Kid|Traffic Report
35.9%
Other
Heaven Help Us
35.4%
Other
Bury Me In Black
31.7%
Other
My Way Home Is Through You
30.7%
Other
All I Want For Christmas Is You
27.7%
Other
Under Pressure
27.2%
Other
F.T.W.W.W
24.4%
Other
We Don't Need Another Song About California
23.3%
Other
Astro Zombies
22.6%
Other
Black Dragon Fighting Society
20.3%
Other
Mastas of Ravenkroft
19.2%
Quiz Playlist
Details
Report
Send in Message
Add To Playlist
Classic:
Type in answers that appear in a list
Last Updated: Aug 28, 2017
Curator Pick in
Rock
Quiz Scoreboard
CHALLENGE
Sign Up to Join the Scoreboard
Show All
Scores
Hide
Comments
May contain spoilers
Recently Published
Decade Duel: World Leaders
by jenniferyan
History
4m
Alphabetical 'K' Countries by Flag Minefield
by ylime102
Geography
3m
Pick 6: Fruits
by JohnFran
Miscellaneous
15s
More to Explore
Quiz From the Vault
Featured Blog Post
15 Basketball Trivia Facts You Can Be March Mad About
hide this ad
You Might Also Like...
Tags
Album Quiz
Chemistry Quiz
Rock Quiz
Song Quiz
My Chemical Romance
Romance
Today's Top Quizzes in Music
Browse Music
hide this ad
Today's Top Quizzes in Rock
Browse Rock
Top Contributed Quizzes in Music
1
Taylor Swift All Songs (2024)
2
KPOP LOGIC QUIZ
3
Taylor Swift Logic Puzzle
4
Decade Duel: Singer
5
Guess the Taylor Swift song (Mystery Song)
6
A Taylor Swift Logic Puzzle
7
Guess The Taylor Swift Lyrics Song #1
8
kpop group name match up
9
2 word kpop group match
10
K-Pop : 100 Debut Songs (Part 1 of 3)
Explore More
Trending Topics
Disney
Anime
Kpop
Crossword
NBA
Harry Potter
Marvel
The Office
Soccer
Country
NFL
WWE
Song
Pokémon
Puzzle
hide this ad
More By:
disarm
Quiz
Plays
Rating
Category
Featured
Created
My Chemical Romance Songs
35,673
4.24
Music
Oct 4, 2009
Finish the Musical Lyric
97
3.50
Entertainment
May 6, 2010
Go to Creator's Profile
Score Distribution
Quiz Creator Spotlight
disarm
Follow
Send a Message
Quizzes Created
-
Created Quiz Play Count
-
More By This Creator
Popular Quizzes Today
1
Countries of Asia Without Outlines Minefield
2
Find the US States - No Outlines Minefield
3
Pick 6: Fruits
4
The Countries of the World
5
Alphabetical 'K' Countries by Flag Minefield
6
Find the Countries of Europe - No Outlines Minefield
7
US States
8
Find the US States
More Music Quizzes
3 of a Kind: Classic Albums 1
Curator's Pick
Trending Quizzes
Pick 6: Mountains
Pick 6: Harry Potter
Pick 6: Flags
Pick 6: NFL Teams
Pick 6: Movie Franchises
Recently Updated
Adaptations: Name the Title
pecheneg
NWSL Teams
pecheneg
Women's Final Four Teams by Year
bhenderson79
Presidents Quartet II
eogle
Anything But Clue(do)
eogle
Anything But Oceanian Capitals
eogle
Anything But 7
eogle
Anything But Thing
eogle
Word Ladder: February 29
pecheneg
Song Title Questions
pecheneg
Trending Topics
NBA
Marvel
Crossword
Disney
Harry Potter
Kpop
Anime
Puzzle
NFL
Country
Soccer
WWE
Pokémon
Song
The Office
Your Account Isn't Verified!
In order to create a playlist on Sporcle, you need to verify the email address you used during registration. Go to your
Sporcle Settings
to finish the process.
Report this User
Report this user for behavior that violates our
Community Guidelines
.
Details:
Send Report
Go to the Sporcle.com Mobile Site →
Comments